Sborník Východoslovenského múzea v Košiciach Séria A Geologické vedy

Bibliographic Details
New Title:Zborník Východoslovenského múzea v Košiciach. Séria AB, Prírodné vedy
Previous Title:Sborník Východoslovenského múzea v Košiciach. Séria A, Prírodné vedy
Other Authors: Kipikašová, Soňa (Compiler)
Format: Serial
Language:Slovak
PhysicalDescription:5 zv. ilust., mapy, tab. 23 cm
Published: V Košiciach Východoslovenské múzeum 1965-1969
V Bratislave Smena
V Košiciach Východoslovenské vydavateľstvo
ISSN:0454-4439
0862-1314
Subjects:

MARC

LEADER 00000cas a2200000 a 4500
001 vtls008336646
003 SK-MaSNL
005 20260228155831.0
008 181128d19651969xo ar| 000 b0slo
015 |a SKSNBA1966/12-02268 
035 |a SK01SNK19660028863 
035 |a SKM000031326 
035 |a (SVKBBclas03)vtls000311476 
040 |a SNK  |b slo  |c SNK  |e AACR2 
041 0 |a slo  |b ger  |b eng  |b rus 
043 |a e-xo--- 
044 |a xo  |c SK 
072 7 |a 55  |x Vedy o Zemi. Geologické vedy  |2 konspekt 
080 |a 050  |2 2001 
080 |a 908(437.6)  |2 2001 
080 |a (082)  |2 2001 
080 |a 55  |2 2001 
210 0 |a Zb. Východoslov. Múz. Košiciach, Sér. A Geol. Vedy 
222 0 |a Zborník Východoslovenského múzea v Košiciach. Séria A, Geologické vedy 
245 0 0 |a Sborník Východoslovenského múzea v Košiciach  |n Séria A  |p Geologické vedy 
246 1 2 |a Zborník Východoslovenského múzea v Košiciach  |n Séria A  |p Geologické vedy  |f 1967-1969 
246 1 0 |a Geologické vedy 
260 |a V Košiciach  |b Východoslovenské múzeum  |c 1965-1969 
260 2 |3 1966  |a V Bratislave  |b Smena 
260 3 |3 1967-1969  |a V Košiciach  |b Východoslovenské vydavateľstvo 
300 |a 5 zv.  |b ilust., mapy, tab.  |c 23 cm 
310 |a 1x ročne 
362 0 |a VI (1965)-IX/X (1968/69) 
500 |a Roky 1967, 1968/1969 vydalo Východoslovenské vydavateľstvo v Košiciach pre Východoslovenské múzeum v Košiciach 
500 |a Zostavila: VI (1965)-VIII (1967), Soňa Kipikašová 
500 |a Rok 1967 vydaný v roku 1969 
500 |a R. 1966 vydala Smena v Bratislave pre Východoslovenské múzeum v Košiciach 
504 |a Bibliogr. odkazy 
546 |a Res. nem., angl., rus. 
650 0 7 |a geologické vedy  |2 SNKPH  |9 68162 
650 0 7 |a Geological sciences  |2 SNKPHeng  |9 265422 
655 7 |a zborníky  |2 SNKPH  |9 70165 
655 7 |a Papers of several authors  |2 SNKPHeng  |9 153738 
700 1 |a Kipikašová, Soňa  |4 com  |9 231002 
710 2 |a Východoslovenské múzeum  |4 pbl  |9 29561 
752 |a Slovensko  |d Košice 
752 |a Slovensko  |d Bratislava 
780 0 0 |t Sborník Východoslovenského múzea v Košiciach. Séria A, Prírodné vedy  |x 0454-4439  |w vtls008324212 
785 0 0 |t Zborník Východoslovenského múzea v Košiciach. Séria AB, Prírodné vedy  |x 0862-1314  |w vtls001108317 
910 |a snk 
916 |a 1965-1969 
958 |a NB 
999 |c 701  |d 701 
952 |0 0  |1 0  |4 0  |7 0  |8 0  |a SNK  |b SNK  |d 2005-12-01  |f 1  |i snkKSP 901/67  |l 0  |o snkČSC 1026/A/7/1966  |p 17A0490882  |r 2026-02-21 19:30:00  |w 2026-02-21  |y PREZ  |z Geologické vedy 
952 |0 0  |1 0  |4 0  |7 0  |a SNK  |b SNK  |d 2009-05-05  |i snkKSP 1411/66  |l 0  |o snkČSC 1026/A/6/1965 D1  |p 17A0616932  |r 2026-02-21 20:28:57  |w 2026-02-21  |y PREZ  |z Geologické vedy 
952 |0 0  |1 0  |4 0  |7 0  |a SNK  |b SNK  |d 2015-02-03  |f 1  |i snkKSP 1410/66  |l 0  |o snkČSC 1026/A/6/1965  |p 17A0813198  |r 2026-02-21 20:52:40  |w 2026-02-21  |y PREZ  |z Geologické vedy 
952 |0 0  |1 0  |4 0  |7 0  |a SNK  |b SNK  |d 2015-02-03  |f 1  |i snkKSP 390/70  |l 0  |o snkČSC 1026/A/8/1967  |p 17A0813199  |r 2026-02-21 20:52:40  |w 2026-02-21  |y PREZ  |z Geologické vedy 
952 |0 0  |1 0  |4 0  |7 0  |a SNK  |b SNK  |d 2015-02-03  |f 1  |i snkKSP 7237/72  |l 0  |o snkČSC 1026/A/9-10/1968-69  |p 17A0813200  |r 2026-02-21 20:52:40  |w 2026-02-21  |y PREZ  |z Geologické vedy 
952 |0 0  |1 0  |4 0  |7 0  |8 1  |a SNK  |b SNK  |d 1998-02-24  |i snkD 590/98  |l 0  |o snkČSC 1026/A/7/1966 D1  |p 17A0122805  |r 2005-01-01 00:00:00  |w 2026-02-21  |y PREZ  |z Geologické vedy